000 00295nam a22001337a 4500
008 190129b xxu||||| |||| 00| 0 eng d
020 _a0-07-115090-0
041 _aeng
080 _a611
100 _a6-7
101 _a611
245 _aAnatomy & Physiology
_cSeeley R. Rod
942 _2udc
_cBK
999 _c53834
_d53834